| 000 | 00426cam a22001337a 4500 | ||
|---|---|---|---|
| 008 | 180718b1969 xxu||||| |||| 00| 0 eng d | ||
| 082 | _aQ1x54 In2 | ||
| 100 | _aKulkarni, V.M. | ||
| 245 |
_aVoluntary action in a developing society _cBy V.M. kulkarni |
||
| 260 |
_aNew Delhi _bIndian Institute of Public Administration _c1969 |
||
| 300 | _a66p. | ||
| 500 | _aThree lectures at IIPA, Feb. 1964 | ||
| 650 | _aSocial Service - India | ||
| 999 |
_c475953 _d475953 |
||